Las aventuras de don Chipote o cuando los pericos mamen /
Novela de Daniel Venegas, autor del que son conocidos muy pocos datos. Redactor, durante los años 1920, de un semanario titulado El Malcriado, Venegas escribió y presentó en Los Angeles una serie de obras dramáticas y de revista entre 1924 y 1933, tales como Esclavos, El maldito jazz, Revista astron...
Kaydedildi:
| Yazar: | |
|---|---|
| Materyal Türü: | Kitap |
| Dil: | İspanyolca |
| Baskı/Yayın Bilgisi: |
Tijuana, México : México :
El Colegio de la Frontera Norte ; Plaza y Valdés,
2000, c2000
|
| Seri Bilgileri: | (México Norte)
|
| Konular: | |
| Etiketler: |
Etiket eklenmemiş, İlk siz ekleyin!
|
MARC
| LEADER | 00000nam^a2200000^a^4500 | ||
|---|---|---|---|
| 001 | 000120058 | ||
| 005 | 20250521000000.0 | ||
| 009 | 20260310094337.654 | ||
| 020 | |a 968-6075-90-9 | ||
| 020 | |a 968-856-869-1 | ||
| 037 | |a Acervo ITESO - Biblioteca | ||
| 041 | |a ESP | ||
| 082 | |a 819. 33 |b VEN | ||
| 100 | |a Venegas, Daniel |e (autor) | ||
| 245 | 1 | 4 | |a Las aventuras de don Chipote o cuando los pericos mamen / |c D. Venegas ; introd. de Nicolás Kanellos. |
| 264 | 4 | |a Tijuana, México : |b El Colegio de la Frontera Norte ; |a México : |b Plaza y Valdés, |c 2000, c2000 | |
| 300 | |a 195 p. | ||
| 336 | |a texto |b txt |2 rdacontenido | ||
| 337 | |a sin mediación |b n |2 rdamedio | ||
| 338 | |a volumen |b nc |2 rdasoporte | ||
| 440 | 1 | |a (México Norte) | |
| 520 | |a Novela de Daniel Venegas, autor del que son conocidos muy pocos datos. Redactor, durante los años 1920, de un semanario titulado El Malcriado, Venegas escribió y presentó en Los Angeles una serie de obras dramáticas y de revista entre 1924 y 1933, tales como Esclavos, El maldito jazz, Revista astronómica, El establo de Arizmendi, El con-su-lado, Quién es el culpable y Nuestro egoísmo, las dos últimas puestas en escena por la actriz y empresaria Virginia Fábregas en aquella ciudad californiana. | ||
| 649 | |a XX | ||
| 650 | |a Novela Chicana | ||
| 650 | |a Literatura Chicana - |y Siglo XX | ||
| 650 | |a Literatura en Español - |z EUA | ||
| 910 | |a Fondo General | ||
| 920 | |a Impresos - Libros | ||
| 930 | |a Colección General | ||
| 940 | |a Literatura | ||
| 905 | |a 101 | ||
| 901 | |a 0500054802 |b IT1 |c LIT |u 20250521 | ||
| 902 | |a https://opac.biblio.iteso.mx/vufind/Record/000120058 | ||